[Event "Mindsports"]
[Site "Beijing CHN"]
[Date "2008.10.04"]
[EventDate "2008.10.04"]
[Round "9"]
[Result "0-1"]
[White "Hoang Thi Bao Tram"]
[Black "Tania Sachdev"]
[WhiteElo "2250"]
[BlackElo "2425"]
[PlyCount "94"]

1. d4 Nf6 2. Nf3 e6 3. e3 b6 4. Bd3 Bb7 5. Nbd2 d5 6. c3 Be7
7. Ne5 O-O 8. O-O c5 9. f4 Nc6 10. Qf3 Nd7 11. Qh3 g6 12. Ndf3
f5 13. Bd2 Bf6 14. Be1 Ndxe5 15. dxe5 Be7 16. Rd1 Qe8 17. c4
Nb4 18. Bxb4 cxb4 19. Nd4 Bc5 20. b3 Qe7 21. Nc2 Rad8 22. Qg3
a5 23. Kh1 Bc6 24. Qe1 Rd7 25. cxd5 Bxd5 26. Qe2 Bc6 27. Bc4
Rfd8 28. Rxd7 Rxd7 29. Rd1 b5 30. Rxd7 Qxd7 31. Bd3 Qd5 32. h3
Qd7 33. Kh2 a4 34. Ne1 Qb7 35. Bc2 Qb6 36. Nd3 Bxe3 37. Qf1
Qd4 38. Qe2 Bxf4+ 39. Kh1 Qa1+ 40. Qd1 Qxd1+ 41. Bxd1 Bd2
42. Kg1 Be4 43. Nc5 axb3 44. Nxb3 Bc3 45. Kf2 Bxe5 46. Nc5 Bd5
47. Bb3 Bd4+ 0-1

[Event "Mindsports"]
[Site "Beijing CHN"]
[Date "2008.10.05"]
[EventDate "2008.10.05"]
[Round "1"]
[Result "0-1"]
[White "Tania Sachdev"]
[Black "Zuzana Borosova"]
[WhiteElo "2425"]
[BlackElo "2234"]
[PlyCount "118"]

1. d4 d5 2. c4 e5 3. dxe5 d4 4. Nf3 Nc6 5. g3 Nge7 6. Bg2 Ng6
7. O-O Ngxe5 8. b3 g6 9. Bb2 Bg7 10. Nxe5 Nxe5 11. Ba3 h5
12. Nd2 h4 13. Nf3 hxg3 14. hxg3 Nxf3+ 15. exf3 Be6 16. f4 c6
17. Qd2 Qd7 18. Rfe1 O-O-O 19. Qa5 Kb8 20. f5 gxf5 21. Bc1 Bh6
22. Bxh6 Rxh6 23. Rad1 Qc7 24. Qd2 Rg6 25. Kf1 f4 26. Qxf4
Qxf4 27. gxf4 Rf6 28. Re4 c5 29. Ke2 Kc7 30. Rh1 Re8 31. Bf3
Bd7 32. Rh4 Bc6 33. Rxe8 Bxe8 34. Rh5 b6 35. Re5 Bd7 36. Bd5
Kd6 37. Re4 Bc6 38. Bxc6 Kxc6 39. Kd3 Re6 40. f3 Kd6 41. Kd2
f5 42. Rxe6+ Kxe6 43. Kd3 Kf6 44. b4 Kg6 45. bxc5 bxc5 46. Ke2
Kf6 47. Kd3 Ke6 48. Kc2 Kd6 49. Kb3 Kc6 50. Ka4 Kb6 51. Kb3
Ka5 52. Ka3 d3 53. Kb3 d2 54. Kc2 Kb4 55. Kxd2 Kxc4 56. Kc2
Kd4 57. Kb3 Kd3 58. Kb2 c4 59. Kc1 Kc3 0-1

[Event "Mindsports"]
[Site "Beijing CHN"]
[Date "2008.10.05"]
[EventDate "2008.10.05"]
[Round "2"]
[Result "1/2-1/2"]
[White "Kieu Thien Kim Le"]
[Black "Tania Sachdev"]
[WhiteElo "2291"]
[BlackElo "2425"]
[PlyCount "158"]

1. e4 c5 2. Nf3 e6 3. c3 d5 4. exd5 Qxd5 5. d4 Nf6 6. Be2 cxd4
7. cxd4 Nc6 8. O-O Be7 9. Nc3 Qd6 10. Nb5 Qd8 11. Ne5 Bd7
12. Bf4 O-O 13. Rc1 Nd5 14. Bg3 Be8 15. Nc3 Nf6 16. Nxc6 Bxc6
17. Bf3 Rc8 18. Qd3 Bxf3 19. Qxf3 Qd7 20. Rfd1 Rfd8 21. h3 Rc6
22. Be5 Qe8 23. Bxf6 Bxf6 24. d5 exd5 25. Nxd5 Bg5 26. Rxc6
Qxc6 27. Rd4 Re8 28. Re4 Re6 29. Nc3 Rxe4 30. Qxe4 Qxe4
31. Nxe4 Be7 32. Kf1 f5 33. Ng3 g6 34. Ke2 Kf7 35. Kd3 Ke6
36. Ne2 Bc5 37. f4 Kd5 38. Nc3+ Kc6 39. Kc4 Be3 40. Ne2 Kd6
41. b3 a6 42. b4 Bd2 43. a3 b5+ 44. Kd3 Be1 45. Nd4 Kd5
46. Ne2 Bf2 47. Nc3+ Kc6 48. Ne2 Kd5 49. Nc3+ Kc6 50. Ne2 Bh4
51. g4 fxg4 52. hxg4 Bf6 53. Nd4+ Kd5 54. Nc2 h5 55. Ne3+ Ke6
56. gxh5 gxh5 57. Ke4 Bb2 58. f5+ Kf7 59. Nc2 Kf6 60. Kf4 Bc1+
61. Ke4 h4 62. Ne1 Bxa3 63. Nd3 h3 64. Nf2 Bxb4 65. Nxh3 Bd2
66. Nf2 a5 67. Ng4+ Kg5 68. Ne5 Bc3 69. Nf7+ Kf6 70. Nd6 b4
71. Kd3 Be5 72. Nc4 Bc7 73. Ne3 Ke5 74. Kc4 Bd6 75. Kb3 Bc7
76. f6 Bd8 77. f7 Be7 78. Nc4+ Kf6 79. Nxa5 Ke5 1/2-1/2

[Event "Mindsports"]
[Site "Beijing CHN"]
[Date "2008.10.06"]
[EventDate "2008.10.05"]
[Round "4"]
[Result "1/2-1/2"]
[White "Tania Sachdev"]
[Black "Hoang Thi Bao Tram"]
[WhiteElo "2425"]
[BlackElo "2250"]
[PlyCount "171"]

1. d4 d5 2. Nf3 Nf6 3. c4 c6 4. e3 g6 5. Nc3 Bg7 6. Qb3 O-O
7. Bd2 b6 8. Be2 Ba6 9. O-O Nbd7 10. cxd5 Bxe2 11. Nxe2 cxd5
12. Nf4 e6 13. Rfc1 Ne4 14. Bb4 Re8 15. Rc2 a5 16. Be1 Nd6
17. Rac1 Rc8 18. Rxc8 Nxc8 19. h4 Nd6 20. h5 Qb8 21. hxg6 hxg6
22. Qd3 Rc8 23. Bc3 Ne4 24. Qb5 Rc7 25. Rd1 Qc8 26. Ne2 Nd6
27. Qb3 Qa6 28. Nf4 b5 29. Nd3 Ne4 30. Be1 Rc4 31. a3 a4
32. Qa2 Qc8 33. Qb1 Qc7 34. Nb4 Nb8 35. Qd3 Nc6 36. Na2 Ne7
37. Nc3 Qc6 38. Qe2 Nf5 39. Ne5 Bxe5 40. dxe5 Nc5 41. Na2 Nd7
42. Bc3 Qc7 43. Nc1 Nxe5 44. Nd3 Nxd3 45. Rxd3 Re4 46. Qf3 Qe7
47. g3 Qg5 48. Rd1 Qg4 49. Qxg4 Rxg4 50. Kg2 Rc4 51. Rh1 d4
52. exd4 Nxd4 53. Rh4 e5 54. Re4 f6 55. f4 Nc6 56. Kf3 Kf7
57. Re1 Ke6 58. fxe5 fxe5 59. Rh1 Nd4+ 60. Ke3 Nf5+ 61. Kf3
e4+ 62. Kg2 e3 63. Kf3 Rc7 64. g4 Ne7 65. Kxe3 Nd5+ 66. Kd3
Rf7 67. Rh6 Nf4+ 68. Ke4 Kd7 69. Be5 Ne6 70. Rxg6 Rf2 71. Rf6
Re2+ 72. Kf5 Nc5 73. g5 Rf2+ 74. Kg6 Rg2 75. Rf5 Ne4 76. Bd4
Rg4 77. Rxb5 Nxg5 78. Bc3 Nf3+ 79. Kf5 Rc4 80. Ra5 Kc6 81. Bb4
Nd4+ 82. Ke5 Nc2 83. Rxa4 Nxb4 84. Rxb4 Rxb4 85. axb4 Kb5
86. Ke4 1/2-1/2

[Event "Mindsports"]
[Site "Beijing CHN"]
[Date "2008.10.06"]
[EventDate "2008.10.05"]
[Round "5"]
[Result "1-0"]
[White "Irina Vasilevich"]
[Black "Tania Sachdev"]
[WhiteElo "2354"]
[BlackElo "2425"]
[PlyCount "69"]

1. c4 e5 2. g3 Nf6 3. Bg2 d5 4. cxd5 Nxd5 5. Nc3 Nb6 6. Nf3
Nc6 7. a3 Be6 8. b4 a5 9. b5 Nd4 10. Rb1 f6 11. e3 Nf5 12. d3
Be7 13. O-O O-O 14. Qc2 Qc8 15. Rd1 Nd6 16. Na4 Nxa4 17. Qxa4
Bg4 18. Bb2 Qf5 19. Nh4 Bxd1 20. Bd5+ Kh8 21. Qxd1 Qg5 22. Rc1
Bd8 23. Ba2 Qh6 24. a4 f5 25. Bxe5 Bxh4 26. gxh4 Qxh4 27. Rxc7
Ne8 28. Rxb7 Nf6 29. Qf3 Qxa4 30. Bc4 Rad8 31. Kg2 Rd7
32. Rxd7 Nxd7 33. Bd6 Rd8 34. Qxf5 Nf6 35. Be7 1-0

[Event "Mindsports"]
[Site "Beijing CHN"]
[Date "2008.10.06"]
[EventDate "2008.10.05"]
[Round "6"]
[Result "0-1"]
[White "Iryna Zenyuk"]
[Black "Tania Sachdev"]
[WhiteElo "2237"]
[BlackElo "2425"]
[PlyCount "91"]

1. d4 Nf6 2. Nf3 e6 3. c4 b6 4. g3 Bb7 5. Bg2 Be7 6. Nc3 O-O
7. O-O Ne4 8. Bd2 f5 9. d5 Bf6 10. Rc1 Na6 11. a3 Nac5 12. b4
Nxc3 13. Bxc3 Bxc3 14. Rxc3 Ne4 15. Rc2 a5 16. Ne5 d6 17. Nc6
Bxc6 18. dxc6 axb4 19. axb4 Nf6 20. Qd2 Ng4 21. Ra2 Ne5 22. c5
bxc5 23. bxc5 Rxa2 24. Qxa2 d5 25. Rd1 Nxc6 26. e4 fxe4
27. Bxe4 Qa8 28. Qxa8 Rxa8 29. Bg2 Ra5 30. Re1 Kf7 31. Bh3 Nd4
32. Rd1 Nb3 33. c6 Ra1 34. Rxa1 Nxa1 35. Bf1 Nb3 36. Bb5 Ke7
37. f4 Kd6 38. Kf2 Nd4 39. Bd3 h6 40. Ke3 Nxc6 41. f5 e5
42. g4 e4 43. Bb1 Ke5 44. h4 d4+ 45. Ke2 Ne7 46. Ba2 0-1

[Event "Mindsports"]
[Site "Beijing CHN"]
[Date "2008.10.07"]
[EventDate "2008.10.05"]
[Round "8"]
[Result "1/2-1/2"]
[White "Monika (Bobrowska) Socko"]
[Black "Tania Sachdev"]
[WhiteElo "2434"]
[BlackElo "2425"]
[PlyCount "107"]

1. e4 e5 2. Nf3 Nc6 3. Bb5 a6 4. Bxc6 dxc6 5. O-O f6 6. d4
exd4 7. Nxd4 c5 8. Ne2 Qxd1 9. Rxd1 Bd7 10. Nbc3 O-O-O 11. Be3
b6 12. Rd2 Bd6 13. Bf4 Bxf4 14. Nxf4 Ne7 15. Rad1 Nc6 16. f3
Rhe8 17. Nh5 Rg8 18. Nd5 Be6 19. Kf2 Kb7 20. c3 Bf7 21. Ng3
Be6 22. Ne2 Rd6 23. b3 Rgd8 24. Ke3 Bf7 25. Ng3 Bxd5 26. Rxd5
g6 27. Ne2 Rxd5 28. Rxd5 Rxd5 29. exd5 Ne7 30. Ke4 c6 31. Nf4
Kc7 32. dxc6 Kxc6 33. c4 Kd6 34. Ne2 Nc6 35. Nc3 Nd4 36. Nd5
f5+ 37. Kf4 Ne6+ 38. Ke3 b5 39. g3 b4 40. Nf6 h5 41. h4 Ke7
42. Nd5+ Kd6 43. Kd3 Ke5 44. Ke3 Kd6 45. Nb6 Kc7 46. Na4 Kd6
47. Nb2 Nd4 48. Nd3 Ne6 49. Ne1 Ke5 50. Nd3+ Kd6 51. Nf2 Ke5
52. Nd3+ Kd6 53. Nf4 Nxf4 54. gxf4 1/2-1/2

[Event "Mindsports"]
[Site "Beijing CHN"]
[Date "2008.10.07"]
[EventDate "2008.10.05"]
[Round "9"]
[Result "1/2-1/2"]
[White "Tania Sachdev"]
[Black "Irine Kharisma Sukandar"]
[WhiteElo "2425"]
[BlackElo "2303"]
[PlyCount "128"]

1. d4 Nf6 2. c4 e6 3. Nf3 b6 4. a3 Bb7 5. Nc3 Be7 6. Qc2 O-O
7. e4 d6 8. Bd3 h6 9. O-O c5 10. d5 e5 11. b4 Nbd7 12. h3 Re8
13. Be3 Rc8 14. Nd2 Nh5 15. Rfe1 Bg5 16. Nb5 Bxe3 17. fxe3 Nf8
18. Nxa7 Ra8 19. Nb5 Ng6 20. Qd1 Nf6 21. Qf3 Ba6 22. Nc3 Qc7
23. Reb1 Nh7 24. Qf2 Rec8 25. Be2 Qe7 26. Rb2 Ng5 27. Na4 Rcb8
28. Nc3 Bc8 29. Bf1 Bd7 30. Rbb1 Qd8 31. bxc5 bxc5 32. Nb5
Bxb5 33. cxb5 Ra4 34. Bd3 Rba8 35. Rb3 Nf8 36. b6 Rb8 37. Rab1
Nd7 38. b7 Nf6 39. Nc4 Ngxe4 40. Qc2 Ng5 41. Rb6 Ra7 42. e4
Ne8 43. Qd2 Nh7 44. Na5 Qc7 45. Ra6 Raxb7 46. Nxb7 Rxb7
47. Ra8 Rxb1+ 48. Bxb1 Nhf6 49. Qa5 Qb7 50. Bd3 Kh7 51. Ra7
Qb3 52. Qb5 Qd1+ 53. Kh2 Qc1 54. Qb1 Qf4+ 55. Kh1 Nh5 56. Qe1
Ng3+ 57. Kg1 f5 58. exf5 c4 59. Bc2 Qd4+ 60. Qf2 Qa1+ 61. Kh2
Nf1+ 62. Kg1 Ng3+ 63. Kh2 Nf1+ 64. Kg1 Ng3+ 1/2-1/2

[Event "Mindsports"]
[Site "Beijing CHN"]
[Date "2008.10.08"]
[EventDate "2008.10.08"]
[Round "3"]
[Result "1-0"]
[White "Tania Sachdev"]
[Black "Thi Nhu Y Hoang"]
[WhiteElo "2425"]
[BlackElo "2127"]
[PlyCount "143"]

1. d4 d5 2. Nf3 Nf6 3. c4 c6 4. cxd5 cxd5 5. Nc3 e6 6. Bf4 Bd6
7. Bxd6 Qxd6 8. e3 O-O 9. Bd3 a6 10. O-O Nc6 11. Rc1 b5 12. a3
Bb7 13. Qe2 Na5 14. Ne5 Rac8 15. Bb1 Rc7 16. Qd3 Rfc8 17. h3
Ne4 18. f3 Nf6 19. Ng4 Nc4 20. Nxf6+ gxf6 21. Qxh7+ Kf8
22. Nd1 Nd2 23. Rxc7 Rxc7 24. Re1 Nxb1 25. Qxb1 Qg3 26. Nf2
Ke7 27. Qd3 Rc8 28. Qe2 Rh8 29. Nh1 Qc7 30. Qd2 Rc8 31. Re2
Qc1+ 32. Qxc1 Rxc1+ 33. Kh2 e5 34. Nf2 Ke6 35. Nd3 Rc7
36. Nc5+ Kd6 37. Nxb7+ Rxb7 38. Rc2 Re7 39. Kg3 f5 40. dxe5+
Kxe5 41. Rc6 Ra7 42. h4 f4+ 43. exf4+ Kf5 44. Rd6 f6 45. Rxd5+
Ke6 46. Rc5 Rg7+ 47. Kf2 Kd6 48. Rc3 Rh7 49. g3 Kd5 50. Rd3+
Kc4 51. Rd6 a5 52. Rxf6 Rb7 53. h5 Kb3 54. h6 Kxb2 55. Rg6 Rh7
56. Rg5 b4 57. axb4 axb4 58. Rg6 b3 59. g4 Kc1 60. Rc6+ Kd2
61. Rb6 Kc2 62. g5 b2 63. Rc6+ Kd3 64. Rd6+ Kc3 65. Rb6 Kc2
66. Kg3 b1=Q 67. Rxb1 Kxb1 68. Kg4 Kc2 69. Kh5 Rf7 70. Kg6
Rxf4 71. h7 Rh4 72. Kg7 1-0

[Event "Mindsports"]
[Site "Beijing CHN"]
[Date "2008.10.08"]
[EventDate "2008.10.08"]
[Round "6"]
[Result "1-0"]
[White "Tatjana Vasilevich"]
[Black "Tania Sachdev"]
[WhiteElo "2368"]
[BlackElo "2425"]
[PlyCount "108"]

1. d4 Nf6 2. Nf3 e6 3. e3 b6 4. Bd3 Bb7 5. O-O Be7 6. b3 O-O
7. Bb2 d5 8. Nbd2 c5 9. Ne5 Nc6 10. a3 a6 11. f4 b5 12. dxc5
Bxc5 13. Qf3 Qe7 14. Kh1 Nxe5 15. fxe5 Nd7 16. Qh3 g6 17. Qh6
Rfc8 18. Nf3 Qf8 19. Qf4 Qg7 20. Ng5 Rf8 21. Rae1 Be7 22. Nf3
Nc5 23. Rf2 Rac8 24. Ref1 Rc7 25. Nd4 Ne4 26. Bxe4 dxe4 27. b4
h6 28. h4 Bd5 29. Qg3 Bc4 30. Rd1 Rd7 31. Qf4 Rd5 32. Qxe4
Rxe5 33. Qf4 Rd5 34. Qf3 e5 35. Nc6 Rxd1+ 36. Qxd1 Bxh4
37. Rd2 Bf6 38. Rd6 Be6 39. e4 Rc8 40. Qd3 g5 41. Nd8 Bxd8
42. Rxd8+ Rxd8 43. Qxd8+ Kh7 44. Qd6 Qf6 45. Bxe5 Qf1+ 46. Kh2
Qf2 47. Bg3 Qxc2 48. Qd4 Qc4 49. Qf6 Qxe4 50. Be5 Qh4+ 51. Kg1
Qe1+ 52. Kh2 Qh4+ 53. Kg1 Qe1+ 54. Kh2 Qh4+ 1-0

[Event "Mindsports"]
[Site "Beijing CHN"]
[Date "2008.10.08"]
[EventDate "2008.10.08"]
[Round "11"]
[Result "1-0"]
[White "Tania Sachdev"]
[Black "Zhaoqin Peng"]
[WhiteElo "2425"]
[BlackElo "2455"]
[PlyCount "75"]

1. d4 d5 2. Nf3 Nf6 3. c4 dxc4 4. Qa4+ c6 5. Qxc4 Bg4 6. Ne5
Be6 7. Qd3 Nbd7 8. Nf3 c5 9. Nc3 Bg4 10. d5 a6 11. e4 e6
12. Be2 exd5 13. exd5 Bd6 14. O-O O-O 15. h3 Bh5 16. Bg5 Qc7
17. Qd2 Rfe8 18. Rfe1 b5 19. Rac1 h6 20. Be3 Qb7 21. Rcd1 Bg6
22. Nh4 Bh7 23. Bd3 Ne5 24. Bxh7+ Kxh7 25. Nf5 Nc4 26. Qc2 Kg8
27. Nxd6 Nxd6 28. Bxc5 Qd7 29. Bd4 b4 30. Bxf6 gxf6 31. Ne4
Kg7 32. Ng3 Rac8 33. Qd3 a5 34. Qd4 Rxe1+ 35. Rxe1 Re8
36. Nh5+ Kg6 37. Qxf6+ Kh7 38. Qg7+ 1-0

[Event "Mindsports"]
[Site "Beijing CHN"]
[Date "2008.10.09"]
[EventDate "2008.10.08"]
[Round "1.1"]
[Result "0-1"]
[White "Tatjana Vasilevich"]
[Black "Tania Sachdev"]
[WhiteElo "2368"]
[BlackElo "2425"]
[PlyCount "119"]

1. d4 Nf6 2. c4 c5 3. d5 e5 4. dxe6 dxe6 5. Qxd8+ Kxd8 6. Bf4
Nc6 7. Nc3 a6 8. O-O-O+ Bd7 9. Na4 b5 10. Nb6 Ra7 11. g3 Rb7
12. Nxd7 Rxd7 13. Rxd7+ Nxd7 14. Bg2 Nce5 15. cxb5 axb5
16. Nf3 f6 17. Rd1 Kc7 18. Nxe5 fxe5 19. Be3 Bd6 20. Be4 Nf6
21. Bf3 Rd8 22. b3 Be7 23. Rxd8 Kxd8 24. a4 bxa4 25. bxa4 Kc7
26. Kc2 Nd5 27. Bd2 Kb6 28. Bg4 Nc7 29. Bc3 Bd6 30. Kb3 Kc6
31. Kc4 g6 32. Bh3 Nd5 33. Bg2 Bc7 34. a5 Kd6 35. Bd2 Bb8
36. Kb5 Nc7+ 37. Kb6 Nd5+ 38. Kb7 Bc7 39. a6 c4 40. a7 c3
41. Bc1 Nb6 42. a8=Q Nxa8 43. Kxa8 Kc5 44. Kb7 Bd6 45. Ka6 Kc4
46. Ka5 Kb3 47. Be4 Bb4+ 48. Kb5 c2 49. f4 exf4 50. gxf4 Bc3
51. Bd3 Bd4 52. e4 Bg1 53. h3 Kc3 54. Bf1 Kd4 55. Bg2 Be3
56. Bb2+ Kd3 57. e5 Bxf4 58. Kc6 Bxe5 59. Bc1 Ke2 60. Kd7 0-1

[Event "Mindsports"]
[Site "Beijing CHN"]
[Date "2008.10.09"]
[EventDate "2008.10.08"]
[Round "1.2"]
[Result "0-1"]
[White "Tania Sachdev"]
[Black "Tatjana Vasilevich"]
[WhiteElo "2425"]
[BlackElo "2368"]
[PlyCount "80"]

1. d4 e6 2. c4 Bb4+ 3. Bd2 a5 4. Nf3 Nc6 5. g3 d6 6. Bg2 e5
7. d5 Bxd2+ 8. Qxd2 Nb8 9. O-O Nh6 10. Nc3 O-O 11. c5 Nd7
12. cxd6 cxd6 13. Rac1 Nc5 14. Ne1 b6 15. Nd3 f5 16. f4 e4
17. Ne1 Ng4 18. Nc2 Qe8 19. h3 Nf6 20. Nd4 Bd7 21. Qe3 Qf7
22. Rfd1 Nxd5 23. Nxd5 Qxd5 24. a3 Qf7 25. b4 axb4 26. axb4
Na6 27. Nc6 Bxc6 28. Rxc6 Nxb4 29. Rcxd6 b5 30. Qd4 Nc2
31. Qe5 Ne3 32. Rc1 Nc4 33. Rxc4 bxc4 34. Qd4 Rac8 35. Rd7 Qf6
36. Qd5+ Kh8 37. Rd6 Qf7 38. Qd2 c3 39. Qc2 Qe7 40. Rb6 Qc5+
0-1

[Event "Mindsports"]
[Site "Beijing CHN"]
[Date "2008.10.09"]
[EventDate "2008.10.08"]
[Round "2.1"]
[Result "1-0"]
[White "Tania Sachdev"]
[Black "Martha Lorena Fierro Baquero"]
[WhiteElo "2425"]
[BlackElo "2361"]
[PlyCount "125"]

1. d4 g6 2. c4 Bg7 3. Nc3 c5 4. d5 Bxc3+ 5. bxc3 f5 6. Nf3 d6
7. Bg5 Qa5 8. Qb3 Nf6 9. Bxf6 exf6 10. e3 Nd7 11. Bd3 Ne5
12. Be2 O-O 13. O-O Rb8 14. Nd2 Bd7 15. Qb2 Qc7 16. a4 b6
17. Qc2 Rbe8 18. Nb1 Bc8 19. Na3 Ba6 20. Nb5 Qd7 21. Rab1 Nf7
22. Ra1 Re7 23. a5 Bxb5 24. cxb5 Rfe8 25. Bd3 Ne5 26. c4 Nxd3
27. Qxd3 Re4 28. axb6 axb6 29. Ra6 f4 30. exf4 Rd4 31. Qb3 Qd8
32. Qa2 Rxf4 33. Ra7 Rfe4 34. h3 R4e7 35. Ra1 f5 36. Qb2 Rxa7
37. Rxa7 Re7 38. Qa1 Rxa7 39. Qxa7 h6 40. g3 Kh8 41. Qf7 Qg5
42. Qf8+ Kh7 43. Qf7+ Kh8 44. Qf8+ Kh7 45. Qxd6 Qc1+ 46. Kh2
Qxc4 47. Qe7+ Kg8 48. d6 Qd4 49. Kg2 Qd5+ 50. Kh2 Qd4 51. Qe6+
Kg7 52. Qe7+ Kg8 53. Kg1 Qd1+ 54. Kg2 Qd5+ 55. Kh2 Qd4
56. Qe8+ Kg7 57. Qe7+ Kg8 58. Qe6+ Kg7 59. Kg2 f4 60. d7 f3+
61. Kxf3 Qd3+ 62. Kg2 c4 63. Qe7+ 1-0

[Event "Mindsports"]
[Site "Beijing CHN"]
[Date "2008.10.13"]
[EventDate "2008.10.13"]
[Round "1"]
[Result "0-1"]
[White "Yadira Hernandez-Guerrero"]
[Black "Tania Sachdev"]
[WhiteElo "2228"]
[BlackElo "2425"]
[PlyCount "70"]

1. d4 Nf6 2. Nf3 e6 3. g3 b6 4. Bg2 Bb7 5. O-O Be7 6. c4 O-O
7. Nc3 Ne4 8. d5 Nxc3 9. bxc3 Na6 10. e4 d6 11. Re1 Nc5
12. Nd4 e5 13. Nf5 Bf6 14. a4 Ba6 15. Bf1 Nb7 16. Rb1 Na5
17. Ne3 g6 18. h4 h5 19. Qf3 Bg7 20. Ba3 Qd7 21. Qd1 Bh6
22. Bb4 Bxe3 23. Bxa5 Bxf2+ 24. Kxf2 bxa5 25. c5 Bxf1 26. c6
Qh3 27. Rxf1 Qh2+ 28. Kf3 f5 29. Rb7 fxe4+ 30. Kxe4 Qg2+
31. Rf3 Rf7 32. Ke3 Raf8 33. Rxf7 Rxf7 34. Qe1 Rf3+ 35. Ke4
Rxc3+ 0-1

[Event "Mindsports"]
[Site "Beijing CHN"]
[Date "2008.10.13"]
[EventDate "2008.10.13"]
[Round "2"]
[Result "0-1"]
[White "Tania Sachdev"]
[Black "Zuzana Borosova"]
[WhiteElo "2425"]
[BlackElo "2234"]
[PlyCount "81"]

1. d4 Nf6 2. c4 g6 3. Nc3 Bg7 4. g3 O-O 5. Bg2 d6 6. Nf3 Nc6
7. O-O a6 8. h3 Bd7 9. Re1 Rb8 10. e4 e5 11. d5 Ne7 12. c5 Nh5
13. Be3 f5 14. exf5 Nxf5 15. Bg5 Nf6 16. Ne4 h6 17. Bxf6 Bxf6
18. g4 Nh4 19. Nxh4 Bxh4 20. Qd2 Kg7 21. Rec1 Rf4 22. f3 Be8
23. Qc3 Bf7 24. cxd6 cxd6 25. Qc7 Be7 26. Qxd8 Rxd8 27. Rc7
Kf8 28. Rd1 Rb8 29. Ng3 Ke8 30. Ne4 Kd8 31. Rc2 Rc8 32. Rxc8+
Kxc8 33. Kf2 Kd7 34. Ke3 Bd8 35. Kf2 Bb6+ 36. Kg3 g5 37. Bf1
Bd4 38. Bc4 b5 39. Bb3 Bxb2 40. a4 Bd4 41. Nf2 0-1

[Event "Mindsports"]
[Site "Beijing CHN"]
[Date "2008.10.13"]
[EventDate "2008.10.13"]
[Round "3"]
[Result "0-1"]
[White "Zehra Topel"]
[Black "Tania Sachdev"]
[WhiteElo "2214"]
[BlackElo "2425"]
[PlyCount "104"]

1. d4 Nf6 2. c4 e6 3. Nf3 b6 4. g3 Bb7 5. Bg2 Be7 6. O-O O-O
7. Nc3 Ne4 8. Qc2 Nxc3 9. Qxc3 c5 10. e3 d6 11. b3 Bf6 12. Bb2
Qe7 13. Qc2 Nc6 14. a3 Rac8 15. Rad1 Nb8 16. Qb1 Nd7 17. Rfe1
g6 18. e4 cxd4 19. Nxd4 a6 20. Ba1 Bg7 21. Qd3 Nc5 22. Qe3
Rfd8 23. Rd2 Qf8 24. Red1 e5 25. Ne2 Ne6 26. Rd3 Nc5 27. R3d2
Rc7 28. Nc1 Ne6 29. Ne2 Bh6 30. f4 b5 31. cxb5 axb5 32. Qb6
Qe7 33. Qxb5 exf4 34. gxf4 Nxf4 35. Nxf4 Bxf4 36. Re2 Qh4
37. Bf3 Bc8 38. Qb6 Rb7 39. Qd4 Be5 40. Qd3 Bxa1 41. Rxa1 Be6
42. b4 Rc7 43. Qd4 Qf4 44. Rf2 Rdc8 45. Rd1 Rc1 46. Qd2 Rxd1+
47. Qxd1 Rc1 48. Rf1 Rxd1 49. Bxd1 Qe3+ 50. Kg2 Bh3+ 51. Kh1
Bxf1 52. Bg4 Qxe4+ 0-1

[Event "Mindsports"]
[Site "Beijing CHN"]
[Date "2008.10.13"]
[EventDate "2008.10.13"]
[Round "4"]
[Result "1/2-1/2"]
[White "Thi Nhu Y Hoang"]
[Black "Tania Sachdev"]
[WhiteElo "2127"]
[BlackElo "2425"]
[PlyCount "130"]

1. d4 Nf6 2. Nf3 e6 3. g3 b6 4. Bg2 Bb7 5. O-O Be7 6. b3 O-O
7. Bb2 c5 8. c4 cxd4 9. Nxd4 Bxg2 10. Kxg2 d6 11. e3 a6
12. Nc3 Qc7 13. Qf3 Nbd7 14. Nc6 Nc5 15. Rfd1 Rac8 16. Nxe7+
Qxe7 17. Rac1 Rfd8 18. Ne2 Nce4 19. Nf4 Ng5 20. Qe2 Nge4
21. f3 Nc5 22. e4 Qb7 23. Bxf6 gxf6 24. Qb2 Qe7 25. Nh5 e5
26. Qd2 Nd7 27. Qh6 Qf8 28. Nxf6+ Nxf6 29. Qxf6 b5 30. cxb5
Rxc1 31. Rxc1 axb5 32. Rc7 Ra8 33. a4 bxa4 34. bxa4 Rxa4
35. Qf5 Ra2+ 36. Kh3 Qh6+ 37. Kg4 Qg6+ 38. Qxg6+ hxg6 39. h4
Kg7 40. Rd7 Ra6 41. Kg5 Rb6 42. h5 gxh5 43. Kxh5 Rb3 44. Kg4
Rb6 45. Kf5 Rb3 46. Kg4 Rb6 47. Kf5 Rb3 48. Rxd6 Rxf3+
49. Kxe5 Rxg3 50. Rf6 Rb3 51. Rf2 Rb5+ 52. Kf4 Rb4 53. Rg2+
Kf6 54. Rc2 Rb6 55. Rc5 Rb1 56. Rc6+ Ke7 57. Ke5 Rb5+ 58. Kf4
Rb4 59. Kf5 Rb1 60. Rc7+ Kf8 61. Kf6 Rf1+ 62. Ke5 Kg7 63. Ra7
Kg6 64. Ra6+ Kg7 65. Ra7 Kg6 1/2-1/2

[Event "Mindsports"]
[Site "Beijing CHN"]
[Date "2008.10.13"]
[EventDate "2008.10.13"]
[Round "7"]
[Result "1/2-1/2"]
[White "Tania Sachdev"]
[Black "Irina Berezina"]
[WhiteElo "2425"]
[BlackElo "2252"]
[PlyCount "74"]

1. d4 Nf6 2. c4 g6 3. Nc3 Bg7 4. g3 O-O 5. Bg2 d6 6. Nf3 Nc6
7. O-O Bf5 8. d5 Na5 9. Nd2 c5 10. e4 Bd7 11. Re1 a6 12. a4
Rb8 13. Bf1 e5 14. Rb1 b6 15. b4 Nb7 16. b5 a5 17. Bg2 Bh6
18. Nf3 Bxc1 19. Qxc1 Kg7 20. h3 Ng8 21. Qb2 Qe7 22. Nd2 f6
23. f4 Nd8 24. Rf1 Nf7 25. Rbe1 Rbe8 26. Rf2 Qd8 27. Ref1 Qc8
28. Kh2 Qd8 29. Kg1 Nfh6 30. Ne2 Bc8 31. Qc3 Qe7 32. Kh2 Nf7
33. fxe5 fxe5 34. Qe3 Nfh6 35. Nf3 Nf6 36. Kg1 Nf7 37. Nc3 Ng8
1/2-1/2

[Event "Mindsports"]
[Site "Beijing CHN"]
[Date "2008.10.13"]
[EventDate "2008.10.13"]
[Round "11"]
[Result "0-1"]
[White "Tania Sachdev"]
[Black "Kateryna Dolzhykova"]
[WhiteElo "2425"]
[BlackElo "2351"]
[PlyCount "92"]

1. d4 d5 2. Nf3 Nf6 3. c4 c6 4. cxd5 cxd5 5. Nc3 Nc6 6. Bf4 a6
7. Rc1 Bf5 8. e3 e6 9. Qb3 Qd7 10. Ne5 Nxe5 11. Bxe5 Rc8
12. Bxf6 gxf6 13. Be2 Bd6 14. O-O O-O 15. Na4 Rxc1 16. Rxc1
Rc8 17. Rxc8+ Qxc8 18. Qc3 Qxc3 19. Nxc3 Kf8 20. f3 Bc2 21. g3
Ke7 22. Kf2 b5 23. Ke1 b4 24. Nd1 a5 25. Kd2 Bb1 26. Bd3 Bxa2
27. Bxh7 f5 28. e4 dxe4 29. fxe4 Kf6 30. e5+ Bxe5 31. dxe5+
Kg7 32. Bxf5 exf5 33. Ne3 Kg6 34. h4 Be6 35. Ng2 Bc4 36. Nf4+
Kg7 37. Nh5+ Kf8 38. Nf4 Ke7 39. h5 Kf8 40. Ke3 a4 41. Kd4 Bb3
42. Kc5 a3 43. bxa3 bxa3 44. h6 a2 45. Nh5 a1=Q 46. h7 Qxe5+
0-1

[Event "Mindsports"]
[Site "Beijing CHN"]
[Date "2008.10.14"]
[EventDate "2008.10.14"]
[Round "1"]
[Result "0-1"]
[White "Olga Zimina"]
[Black "Tania Sachdev"]
[WhiteElo "2368"]
[BlackElo "2425"]
[PlyCount "100"]

1. e4 c5 2. Nf3 e6 3. c3 d5 4. exd5 Qxd5 5. d4 Nf6 6. Na3 Nc6
7. Be2 Qd8 8. Nc2 Be7 9. O-O O-O 10. dxc5 Bxc5 11. Bg5 b6
12. Bb5 Bb7 13. Qe2 Be7 14. Ba6 Qc8 15. Bxb7 Qxb7 16. Rad1 h6
17. Bh4 Nd5 18. Bg3 Bf6 19. Ncd4 Nxd4 20. Nxd4 Rfd8 21. Qf3
Qa6 22. Nc6 Rdc8 23. Rxd5 exd5 24. Nb4 Qc4 25. Nxd5 Qc6
26. Be5 Bg5 27. h4 Bd8 28. Re1 f6 29. Bf4 Qd7 30. Rd1 Qf7
31. Qg3 h5 32. Ne3 Bc7 33. Bxc7 Qxc7 34. Qf3 Qf7 35. Nf5 Rd8
36. Re1 Re8 37. Rd1 Red8 38. Re1 Re8 39. Rd1 Rad8 40. Nd6 Qd7
41. Qd5+ Re6 42. Qb3 Kf8 43. Rd5 Rxd6 44. Rxh5 Qe6 45. Qa3 Kf7
46. Qxa7+ R6d7 47. Qa3 Rd1+ 48. Kh2 Qd6+ 49. Qxd6 R8xd6
50. Rb5 Ke8 0-1

[Event "Mindsports"]
[Site "Beijing CHN"]
[Date "2008.10.14"]
[EventDate "2008.10.14"]
[Round "2"]
[Result "0-1"]
[White "Shadi Paridar"]
[Black "Tania Sachdev"]
[WhiteElo "2248"]
[BlackElo "2425"]
[PlyCount "88"]

1. e4 c5 2. c3 d5 3. exd5 Qxd5 4. d4 e6 5. Nf3 Nf6 6. Be3 cxd4
7. cxd4 Bb4+ 8. Nc3 Nc6 9. Bd3 O-O 10. O-O Bxc3 11. bxc3 h6
12. Qd2 Ne4 13. Qc2 Nd6 14. c4 Qh5 15. Rab1 Ne7 16. h3 Ndf5
17. Kh2 Nh4 18. Ne5 f5 19. Be2 Qe8 20. g3 Nhg6 21. Bh5 b6
22. Bc1 Rf6 23. Ba3 Qd8 24. Nxg6 Nxg6 25. d5 Bb7 26. Bb2 exd5
27. Bxf6 Qxf6 28. Bxg6 Qxg6 29. c5 Qc6 30. Qxf5 d4 31. f3 bxc5
32. Rbc1 Rc8 33. Rf2 c4 34. Rd2 Qd6 35. Qb5 Ba6 36. Qf5 c3
37. Rf2 d3 38. f4 Bb7 39. Qb5 Qd5 40. Qxd5+ Bxd5 41. Rff1 d2
42. Ra1 c2 43. a4 c1=Q 44. Rfxc1 dxc1=Q 0-1

[Event "Mindsports"]
[Site "Beijing CHN"]
[Date "2008.10.15"]
[EventDate "2008.10.14"]
[Round "3"]
[Result "0-1"]
[White "Tania Sachdev"]
[Black "Le Thao Nguyen Pham"]
[WhiteElo "2425"]
[BlackElo "2304"]
[PlyCount "76"]

1. d4 d5 2. Nf3 Nf6 3. c4 c6 4. e3 a6 5. Qc2 e6 6. b3 Be7
7. Bd3 b5 8. Nbd2 Nbd7 9. O-O O-O 10. Bb2 h6 11. e4 bxc4
12. bxc4 dxe4 13. Nxe4 c5 14. Rab1 Bb7 15. d5 Nxe4 16. Bxe4
exd5 17. Bh7+ Kh8 18. Bxg7+ Kxg7 19. Rxb7 d4 20. Bf5 Nf6
21. Re1 Bd6 22. h3 Rb8 23. Rb3 Rxb3 24. axb3 Re8 25. Ra1 a5
26. Qd2 Bc7 27. Bc2 Qd6 28. Qd3 Qe6 29. Rf1 Kf8 30. Nh4 Nh5
31. Qh7 Qf6 32. Bd3 Nf4 33. Rd1 Nxd3 34. Nf5 Nf4 35. Nxh6 Qg7
36. Qxg7+ Kxg7 37. Nf5+ Kf6 38. Nh4 Re2 0-1